C++ program design :an introduction to programming and object-oriented design. / (Record no. 2201)
[ view plain ]
| 000 -LEADER | |
|---|---|
| fixed length control field | 01753cam a22003014a 4500 |
| 001 - CONTROL NUMBER | |
| control field | 12340379 |
| 005 - DATE AND TIME OF LATEST TRANSACTION | |
| control field | 20210414114131.0 |
| 008 - FIXED-LENGTH DATA ELEMENTS--GENERAL INFORMATION | |
| fixed length control field | 010309s2002 maua 001 0 eng |
| 010 ## - LIBRARY OF CONGRESS CONTROL NUMBER | |
| LC control number | 2001030617 |
| 020 ## - INTERNATIONAL STANDARD BOOK NUMBER | |
| International Standard Book Number | 0072411635 (pbk. : alk. paper) |
| 040 ## - CATALOGING SOURCE | |
| Original cataloging agency | DLC |
| Transcribing agency | DLC |
| Modifying agency | DLC |
| 042 ## - AUTHENTICATION CODE | |
| Authentication code | pcc |
| 050 00 - LIBRARY OF CONGRESS CALL NUMBER | |
| Classification number | QA76.73.C153 C653 |
| 082 00 - DEWEY DECIMAL CLASSIFICATION NUMBER | |
| Classification number | 005.13/3 |
| Edition number | 21 |
| 100 1# - MAIN ENTRY--PERSONAL NAME | |
| Personal name | Cohoon, James P. |
| 245 10 - TITLE STATEMENT | |
| Title | C++ program design :an introduction to programming and object-oriented design. / |
| Statement of responsibility, etc. | James P. Cohoon, Jack W. Davidson. |
| 250 ## - EDITION STATEMENT | |
| Edition statement | 3rd ed. |
| 260 ## - PUBLICATION, DISTRIBUTION, ETC. | |
| Place of publication, distribution, etc. | Boston : |
| Name of publisher, distributor, etc. | McGraw-Hill, |
| Date of publication, distribution, etc. | 2002. |
| 300 ## - PHYSICAL DESCRIPTION | |
| Extent | xxviii, 948 p. : |
| Other physical details | ill.; |
| Dimensions | 24 cm. |
| 500 ## - GENERAL NOTE | |
| General note | Includes index. |
| 505 ## - FORMATTED CONTENTS NOTE | |
| Formatted contents note | Contents: Computing and the object- oriented design methodology -- C++: the fundamentals -- Modifying objects -- Control constructs -- Function basics -- Programmer- defined functions -- The Class construct and object- oriented design -- Implementing abstract data types -- Lists -- The EzWindows API: a detailed examination -- Pointers and dynamic memory -- Testing and debugging -- Inheritance -- Templates and polymorphism -- Software project- bug hunt! -- Appendix A: Tables -- Appenidx B: Standards libraries -- Appenidx C: Standards classes -- Appendix D: Advanced topics -- Appendix E: EzWindows API reference manual -- Appendix F: Projects and makefiles. |
| 650 #0 - SUBJECT ADDED ENTRY--TOPICAL TERM | |
| Topical term or geographic name entry element | C++ (Computer program language) |
| 650 #0 - SUBJECT ADDED ENTRY--TOPICAL TERM | |
| Topical term or geographic name entry element | Object-oriented programming (Computer science) |
| 700 1# - ADDED ENTRY--PERSONAL NAME | |
| Personal name | Davidson, Jack W. |
| Fuller form of name | (Jack Winfred) |
| 906 ## - LOCAL DATA ELEMENT F, LDF (RLIN) | |
| a | 7 |
| b | cbc |
| c | orignew |
| d | 1 |
| e | ocip |
| f | 20 |
| g | y-gencatlg |
| 942 ## - ADDED ENTRY ELEMENTS (KOHA) | |
| Source of classification or shelving scheme | Library of Congress Classification |
| Koha item type | Books |
| Withdrawn status | Lost status | Source of classification or shelving scheme | Damaged status | Not for loan | Home library | Current library | Shelving location | Date acquired | Total Checkouts | Full call number | Barcode | Date last seen | Copy number | Price effective from | Koha item type |
|---|---|---|---|---|---|---|---|---|---|---|---|---|---|---|---|
| Library of Congress Classification | WISCONSIN INTERNATIONAL UNIVERSITY COLLEGE, GHANA - MAIN LIBRARY | WISCONSIN INTERNATIONAL UNIVERSITY COLLEGE, GHANA - MAIN LIBRARY | General Stacks | 28/08/2012 | QA76.73.C153 C653 | 5328/12 | 28/08/2012 | 1 | 28/08/2012 | Books |
